AC Milan Record Transfers - Statistics

General Stats
  • This quiz has been taken 1,194 times
  • The average score is 8 of 11
Answer Stats
Year Country Position From Transfer Fee Player % Correct
2011-2012 Sweden FW FC Barcelona 24M€ Zlatan Ibrahimovic
93%
1999-2000 Ukraine FW Dynamo Kiev 23M€ Andreï Shevchenko
88%
2008-2009 Brazil FW FC Barcelona 25M€ Ronaldinho
82%
2002-2003 Italy DF Lazio Roma 30,5M€ Alessandro Nesta
79%
2012-2013 Italy FW Manchester City 20M€ Mario Balotelli
79%
2001-2002 Italy FW Juventus 37M€ Filippo Inzaghi
77%
2001-2002 Portugal MD Fiorentina 42M€ Manuel Rui Costa
77%
2002-2003 Netherlands MD Inter Milan 22,5M€ Clarence Seedorf
76%
2007-2008 Brazil FW Internacional 22M€ Alexandre Pato
66%
2005-2006 Italy FW Parma 25M€ Alberto Gilardino
43%
1998-1999 Italy MD Fiorentina 20M€ Domenico Morfeo
4%
No matching quizzes found
Score Distribution
Percent of People with Each Score
Percentile by Number Answered
Your Score History
You have not taken this quiz